| 000 | 01124cam a22002893a 4500 | ||
|---|---|---|---|
| 001 | 6041 | ||
| 003 | PGUSA | ||
| 005 | 20140828083127.0 | ||
| 008 | 040701s2004||||xxu|||||s|||||000 1 eng d | ||
| 040 |
_aPGUSA _beng |
||
| 042 | _adc | ||
| 050 | 4 | _aPR | |
| 245 | 1 | 0 |
_aStories by English Authors : _bThe Sea _h[electronic resource] |
| 260 |
_bProject Gutenberg, _c2004 |
||
| 505 | 0 | _aThe extraordinary adventure of a chief mate / W. Clark Russell -- Quarantine Island / Sir Walter Besant -- The rock scorpions / Anonymous -- The master of the "Chrysolite" / G.B. O'Halloran -- "Petrel" and "The Black Swan" / Anonymous -- Melissa's tour / Grant Allen -- Vanderdecken's message home / Anonymous. | |
| 506 | _aPublic domain in the USA. | ||
| 516 | _aElectronic text | ||
| 653 | _aSea stories, English | ||
| 653 | _aEnglish fiction -- 19th century | ||
| 700 | 1 |
_aRussell, William Clark, _d1844-1911 |
|
| 700 | 1 | _aO'Halloran, G. B. | |
| 700 | 1 |
_aBesant, Walter, _d1836-1901 |
|
| 700 | 1 |
_aAllen, Grant, _d1848-1899 |
|
| 830 | 0 |
_aProject Gutenberg _v6041 |
|
| 856 | 4 | 0 | _uhttp://www.gutenberg.org/ebooks/6041 |
| 942 | _cEB | ||
| 999 |
_c235369 _d235369 |
||